Search the Library Catalogue
| 000 -LEADER | |
|---|---|
| fixed length control field | 00690nam a2200205Ia 4500 |
| 008 - FIXED-LENGTH DATA ELEMENTS--GENERAL INFORMATION | |
| fixed length control field | 191130s1992##################000#0#eng## |
| 020 ## - INTERNATIONAL STANDARD BOOK NUMBER | |
| ISBN | 9780452011182 |
| 082 ## - DEWEY DECIMAL CLASSIFICATION NUMBER | |
| Classification number | 302.23 BIE |
| 100 ## - MAIN ENTRY--AUTHOR NAME | |
| Personal name | Biedermann, Hans |
| 245 ## - TITLE STATEMENT | |
| Title | Dictionary of symbolism |
| Statement of responsibility, etc | Hans Biedermann ; translated by James Hulbert |
| 260 ## - PUBLICATION, DISTRIBUTION, ETC. (IMPRINT) | |
| Place of publication | New York |
| Name of publisher | Facts on File |
| Year of publication | c1992 |
| 300 ## - PHYSICAL DESCRIPTION | |
| Number of Pages | x, 465 p. : ill. ; 26 cm |
| 500 ## - GENERAL NOTE | |
| General note | Translation of: Knaurs Lexicon der Symbole. Includes bibliographical references (p. 397-400) and indexes |
| 650 ## - SUBJECT ADDED ENTRY--TOPICAL TERM | |
| Topical Term | Signs and symbols - Dictionaries |
| 991 ## - | |
| -- | 221650 |
| Withdrawn status | Lost status | Damaged status | Not for loan | Home library | Current library | Shelving location | Date acquired | Full call number | Accession Number | Price effective from | Koha item type |
|---|---|---|---|---|---|---|---|---|---|---|---|
| Anna Centenary Library | Anna Centenary Library | 3RD FLOOR, B WING | 12.10.2020 | 302.23 BIE | 497727 | 12.10.2020 | English Books |